Quiz - Statystyki

Ogólne statystyki
  • Ten quiz został rozwiązany 24 razy
  • Średni wynik to 5 z 6
Statystyki odpowiedzi
Pytanie Nie pisz tego Twoja odpowiedź % Poprawnych
Ile to 1*1? 2 1
100%
Ile to 1+1? 11 2
100%
Kim jesteś? Ludziem Człowiekiem
94%
Lubisz ten quiz? ??? Twój wybór
94%
Jakiego koloru jest mandarynka? Mandarynkowego xd Pomarańczowego
88%
Jaka jest rdzenna ludność indii? Indianie Adiwasi
6%
Nie znaleziono quizów pasujących do podanych kryteriów
Rozkład punktacji
Procent ludzi z każdym wynikiem
Percentyl według liczby udzielonych odpowiedzi
Twoja historia wyników
Nie rozwiązałeś tego quizu